El Clásico XIs 2000-2005 - Statistics

General Stats
  • This quiz has been taken 258 times
  • The average score is 28 of 66
Answer Stats
Answer % Correct
Iker Casillas
94%
Ronaldo
92%
Víctor Valdés
90%
Ronaldinho
87%
Carles Puyol
86%
Luís Figo
86%
Xavi
84%
Zinedine Zidane
84%
Raúl
83%
Roberto Carlos
82%
David Beckham
80%
Samuel Eto'o
79%
Fernando Hierro
78%
Andrés Iniesta
77%
Rivaldo
70%
Guti
63%
Deco
62%
Fernando Morientes
60%
Míchel Salgado
60%
Claude Makélélé
58%
Pep Guardiola
56%
Iván Helguera
55%
Patrick Kluivert
55%
Luis Enrique
52%
Rafael Márquez
48%
Michael Owen
47%
Giovanni van Bronckhorst
45%
Steve McManaman
45%
Frank de Boer
43%
Ludovic Giuly
43%
Javier Saviola
38%
Henrik Larsson
37%
Juliano Belletti
36%
Phillip Cocu
36%
Oleguer
33%
Edgar Davids
32%
César Sánchez
31%
Marc Overmars
30%
Santiago Solari
30%
Thiago Motta
29%
Esteban Cambiasso
28%
Michael Reiziger
26%
Francisco Pavón
25%
Sergi
25%
Walter Samuel
25%
Raúl Bravo
24%
Luis García
23%
Juan Román Riquelme
22%
Thomas Gravesen
22%
Aitor Karanka
21%
Pepe Reina
19%
Francesco Coco
18%
Gaizka Mendieta
18%
Abelardo
17%
Gabri
14%
Geremi
14%
Roberto Bonano
14%
Simão
14%
Philippe Christanval
13%
Flávio Conceição
11%
Albert Celades
10%
Richard Dutruel
10%
Gerard
9%
Pedro Munitis
9%
Dani
7%
Juan Pablo Sorín
7%
No matching quizzes found
Score Distribution
Percent of People with Each Score
Percentile by Number Answered
Your Score History
You have not taken this quiz